01786nam a22002417a 450000500170000000800410001702000180005804000070007604100120008308200210009510000270011624500360014326000450017930000280022436500600025252009250031265000220123770000330125970000250129294200120131799900190132995201960134820260121085550.0260116b |||||||| |||| 00| 0 eng d a9789365690279 cAL aEnglish a796.358092bDHAO aShikhar Dhawan9251963 aOneb: Cricket my life and more aHaryanabHarper Collins Publishersc2025 axiii,222p.bHBc23x16cm aKSCR-000702b₹559.00c₹d₹699.00e20%f13-01-2026 a"The One Cricket, My Life and More" Shikhar Dhawan is an Indian former cricketer. A left-handed opening batter, he was considered one of the greatest ODI batsmen for Indian cricket team for a decade and Delhi in domestic cricket. The One is the story of Shikhar Dhawans life, told by the man himself. One of the most popular openers for India, Dhawan has been a part of many of Indias famous one day international wins. Nicknamed Mr. ICC because of his performances in ICC tournaments, Dhawans batting style is considered classy, sublime and authoritative. Off the field, his massive social media following and his humorous take on almost everything have a niche of their own. For the first time, Shikhar opens about his cricket career, growing up as a middle class boy in Delhi, his friendship with teammates, relationships, and controversies. Heres a sports memoir that will stay with readers and fans for a long time. aBiography9251536 aChandresh ,Narayanan9251538 aNamita ,Kala9251539 2ddccBK c240759d240759 00102ddc40708Games & SportsaALbALcSKd2026-01-16eNavakarnataka Publications Pvt. Ltd. Mangaluru-575001g559.00l0o796.358092 DHAOp078047r2026-01-16 17:11:15v699.00w2026-01-13yBK